Hal-Al-aweesi Sharhut Talkhis (Record no. 2167)

MARC details
000 -LEADER
fixed length control field 00624nam a2200253 a 4500
020 ## - INTERNATIONAL STANDARD BOOK NUMBER
ISBN
082 00 - DEWEY DECIMAL CLASSIFICATION NUMBER
Classification number 297.4
Author Cutter KHA4
100 ## - MAIN ENTRY--AUTHOR NAME
Author name Khan, Muhammad Zaman
245 ## - TITLE STATEMENT
Title Hal-Al-aweesi Sharhut Talkhis
260 ## - PUBLICATION, DISTRIBUTION, ETC. (IMPRINT)
Place of publication Kanpur
Name of publisher Qaiyoom Press
Year of publication 1926
300 ## - PHYSICAL DESCRIPTION
Number of Pages 109p
500 ## - GENERAL NOTE
General note includes index and biblioraphy
505 2# - FORMATTED CONTENTS NOTE
Formatted contents note 3 vols. bound together
650 ## - SUBJECT ADDED ENTRY--TOPICAL TERM
Topical Term Sufism
650 ## - SUBJECT ADDED ENTRY--TOPICAL TERM
Topical Term Philosophy-Islamic
942 ## - ADDED ENTRY ELEMENTS (KOHA)
Koha item type Books
700 1# -
-- Khan, Muhammad Zaman
Holdings
Home library Current library Date acquired Cost, normal purchase price Full call number Accession Number Koha item type
Henry Martyn Institute Library Henry Martyn Institute Library 09/13/2007 100.00 297.4 KHA4 4743 E-Books
                   Copyright © 2026 | Henry Martyn Institute | Hyderabad | TS-500052 | INDIA | Implemented by hmi.edu.in
Hit-Count:

Powered by Koha